[Event "8th ch-Euro"]
[Site "Dresden GER"]
[Date "2007.04.04"]
[Round "2"]
[White "Petrosian,TL"]
[Black "Geller,J"]
[Result "1-0"]
[WhiteElo "2592"]
[BlackElo "2490"]

1.e4 c5 2.Nf3 e6 3.Nc3 a6 4.d4 cxd4 5.Nxd4 Qc7 6.Be2 Nc6 7.Be3 Nf6 8.O-O Be7
9.f4 d6 10.a4 O-O 11.Kh1 Re8 12.Bf3 Bd7 13.Nb3 b6 14.g4 Bc8 15.g5 Nd7 16.Bg2 Bb7
17.Qh5 g6 18.Qh4 Nb4 19.Rac1 Bf8 20.Rf3 Bg7 21.Rh3 Nf8 22.Qf2 Nd7 23.Rf1 Re7
24.Nd4 Qc4 25.Qd2 e5 26.b3 Qc7 27.fxe5 Nxe5 28.Nde2 Rae8 29.Bd4 Qd8 30.Nf4 Rd7
31.Nfd5 Nxd5 32.exd5 Rde7 33.Ne4 Ng4 34.Bxg7 Kxg7 35.Nf6 Re2 36.Rxh7+ Kf8
37.Nxg4 Rxd2 38.Rfxf7+  1-0

[Event "8th ch-Euro"]
[Site "Dresden GER"]
[Date "2007.04.04"]
[Round "2"]
[White "Berescu,A"]
[Black "Yakovich,Yur"]
[Result "1/2-1/2"]
[WhiteElo "2495"]
[BlackElo "2577"]

1.e4 c5 2.Nf3 e6 3.d4 cxd4 4.Nxd4 a6 5.Nc3 Qc7 6.g3 Nf6 7.Bg2 Be7 8.O-O O-O
9.Re1 d6 10.a4 Nc6 11.Nxc6 bxc6 12.a5 Bb7 13.Bf4 Nd7 14.Qd2 Rad8 15.Red1 Ne5
16.Na4 Bf6 17.Nb6 c5 18.c3 Bc6 19.Qc2 g5 20.Bxe5 Bxe5 21.Rd2 Bf6 22.Qd1 Be7
23.Qe2 Qb7 24.Rad1 Kh8  1/2-1/2

[Event "8th ch-Euro"]
[Site "Dresden GER"]
[Date "2007.04.04"]
[Round "2"]
[White "Brendel,O"]
[Black "Markowski,T"]
[Result "1-0"]
[WhiteElo "2370"]
[BlackElo "2553"]

1.e4 c5 2.Nf3 e6 3.d4 cxd4 4.Nxd4 a6 5.Nc3 b5 6.Bd3 d6 7.O-O Nf6 8.Qe2 Be7
9.f4 Bb7 10.a4 b4 11.Nd1 O-O 12.a5 g6 13.Nf2 e5 14.fxe5 dxe5 15.Nf3 Qc7 16.Bh6 Rc8
17.Ng5 Nbd7 18.b3 Qc3 19.Ng4 Nxg4 20.Qxg4 Nf6 21.Qh4 Nh5 22.Rad1 Rc7 23.Bc4 Rxc4
24.bxc4 Qxc4 25.Qh3 Re8 26.Nxf7 Bxe4 27.Kh1 Qxc2 28.Nxe5 Bf5 29.Qf3 Nf6 30.Nc6 Bf8
31.Bxf8 Rxf8 32.Ne7+ Kh8 33.Nxf5 gxf5 34.Qxf5  1-0

[Event "8th ch-Euro"]
[Site "Dresden GER"]
[Date "2007.04.05"]
[Round "3"]
[White "Boros,De"]
[Black "Philippe,C"]
[Result "1/2-1/2"]
[WhiteElo "2502"]
[BlackElo "2364"]

1.e4 c5 2.Nf3 e6 3.Nc3 a6 4.d4 cxd4 5.Nxd4 Nc6 6.Nxc6 bxc6 7.Bd3 d5 8.O-O Nf6
9.Qe2 Be7 10.b3 O-O 11.Bb2 Bb7 12.Na4 Qc7 13.e5 Nd7 14.c4 Nb6 15.cxd5 Nxd5
16.f4 c5 17.f5 exf5 18.Rxf5 Qc6 19.Be4 Rad8 20.e6 fxe6 21.Rh5 h6 22.Qg4 Bf6
23.Rxh6 Bxb2 24.Rh8+ Kf7 25.Rxf8+ Kxf8 26.Nxb2 Qd7 27.Qh5 Nf4 28.Qxc5+ Kg8
29.Bxb7 Qxb7 30.Qf2 Qxg2+ 31.Qxg2 Nxg2 32.Rd1 Rxd1+ 33.Nxd1 Nf4 34.Kf2 Nd5
35.Ne3 Nc3 36.a3 Kf7 37.Nc2 Kf6 38.Ke3 Ke5 39.Nb4 Nb5 40.a4 Nc7 41.Nd3+ Kd5
42.Nf4+ Kc5 43.Kd3 a5 44.Nh5 Ne8 45.Kc3 e5 46.Ng3 Nd6 47.h4  1/2-1/2

[Event "18th Pobeskydi Chance Cup"]
[Site "Frydek Mistek CZE"]
[Date "2007.04.05"]
[Round "1"]
[White "Balka,L"]
[Black "Dudys,J"]
[Result "0-1"]
[WhiteElo "1803"]
[BlackElo "2127"]

1.e4 c5 2.Nf3 e6 3.d4 cxd4 4.Nxd4 a6 5.Nc3 Qc7 6.Bd3 Nc6 7.Nxc6 dxc6 8.a3 e5
9.Be3 b5 10.O-O Nf6 11.h3 Bd6 12.Ne2 Bb7 13.Ng3 O-O 14.Nf5 Rfd8 15.Qf3 Bc8
16.g4 Bxf5 17.gxf5 Nd7 18.Kh1 Bc5 19.Bd2 Be7 20.Rg1 Bf6 21.Bh6 Kh8 22.Bd2 Qd6
23.Rg4 Qe7 24.Rag1 Rg8 25.c4 Rab8 26.cxb5 axb5 27.Bb1 c5 28.h4 Nb6 29.Bg5 Nc4
30.Qh3 Nxb2 31.h5 Bxg5 32.Rxg5 h6 33.R5g4 c4 34.Qe3 Ra8 35.R1g3 Na4 36.Rf3 Ra6
37.Bc2 Rc6 38.Rfg3 Nb6 39.f4 Nd7 40.Qa7 exf4 41.Rxf4 Qe5 42.Rff3 Rd6 43.Rg2 Qf6
44.Qf2 Ne5 45.Rh3 Nd3 46.Qf1 Ne5 47.Qe2 Nc6 48.Rgg3 Rgd8 49.Rg2 Rd2 50.Qg4 c3
51.Bb3 Rxg2 52.Qxg2 Rd2 53.Qf1 Nd4 54.Rxc3 Qh4+ 55.Rh3 Qxe4+ 56.Kg1 Ne2+  0-1

[Event "Kaupthing GM"]
[Site "Reykjavik ISL"]
[Date "2007.04.05"]
[Round "2"]
[White "Gunnarsson,J"]
[Black "Kveinys,A"]
[Result "0-1"]
[WhiteElo "2419"]
[BlackElo "2546"]

1.e4 c5 2.Nf3 e6 3.d4 cxd4 4.Nxd4 a6 5.Nc3 Qc7 6.Bd3 Nf6 7.f4 b5 8.Qf3 Bb7
9.g4 b4 10.Nce2 d5 11.e5 Ne4 12.Be3 Nd7 13.g5 Be7 14.h4 Ndc5 15.O-O h6 16.Kg2 hxg5
17.hxg5 f6 18.Rh1 O-O-O 19.a3 fxe5 20.fxe5 Bxg5 21.Bxg5 Nxg5 22.Qf4 Nge4
23.Rxh8 Rxh8 24.axb4 g5 25.Qg4 Qxe5 26.Nf3 Qxb2 27.bxc5 Qxa1 28.Qxe6+ Kb8
29.Bxe4 dxe4 30.Ne5 e3+ 31.c6 Qh1+ 32.Kg3 Qh2+ 33.Kf3 Qh3+ 34.Qxh3 Rxh3+
35.Kg4 Bc8+ 36.Kxg5 Kc7 37.Kf4 a5 38.Ng1 Rh1 39.Ne2 Ba6 40.Kxe3 Bxe2 41.Kxe2 a4
42.Kd2 a3  0-1

[Event "45th Doeberl Cup"]
[Site "Canberra AUS"]
[Date "2007.04.06"]
[Round "1"]
[White "Stojic,S"]
[Black "Toth,An1"]
[Result "0-1"]
[WhiteElo "1991"]
[BlackElo "2408"]

1.e4 c5 2.Nf3 e6 3.d4 cxd4 4.Nxd4 a6 5.Nc3 b5 6.Be3 Bb7 7.f3 d6 8.Be2 Nf6
9.O-O Nbd7 10.Re1 Be7 11.Bf1 O-O 12.a3 Ne5 13.g4 Rc8 14.g5 Nfd7 15.f4 Nc4
16.Bxc4 Rxc4 17.Qg4 g6 18.f5 Ne5 19.Qg3 exf5 20.exf5 Rxd4 21.Bxd4 Nf3+ 22.Kf1 Bxg5
23.Red1 Qd7 24.Bf2 Qxf5 25.Rd3 Nd2+ 26.Kg1 Bf4 27.Qh3 Qg5+  0-1

[Event "8th ch-Euro"]
[Site "Dresden GER"]
[Date "2007.04.06"]
[Round "4"]
[White "Holzke,F"]
[Black "Markus,Rob"]
[Result "1/2-1/2"]
[WhiteElo "2467"]
[BlackElo "2560"]

1.e4 c5 2.Nf3 e6 3.d4 cxd4 4.Nxd4 a6 5.Nc3 Qc7 6.Bd3 Nf6 7.O-O Bc5 8.Nb3 Be7
9.f4 d6 10.a4 O-O 11.a5 Bd7 12.Na4 Bxa4 13.Rxa4 Nc6 14.Kh1 Nd7 15.Bd2 g6
16.Qe1 Bf6 17.Bc3 Bxc3 18.Qxc3 Rac8 19.Qd2 Nf6 20.Raa1 Qe7 21.Rf3 d5 22.e5 Nd7
23.c3 Nc5 24.Nxc5 Qxc5 25.f5 exf5 26.Qh6 Rc7 27.Rxf5 f6 28.Rxf6 Nxe5 29.Rxf8+ Qxf8
30.Qe3  1/2-1/2

[Event "18th Pobeskydi Hamont Cup"]
[Site "Frydek Mistek CZE"]
[Date "2007.04.06"]
[Round "3"]
[White "Toma,K"]
[Black "Poloch,P"]
[Result "1/2-1/2"]
[WhiteElo "2252"]
[BlackElo "2296"]

1.e4 c5 2.Nc3 e6 3.Nf3 a6 4.d4 cxd4 5.Nxd4 b5 6.Bd3 Bb7 7.O-O d6 8.Kh1 Nf6
9.Qe1 Nbd7 10.a3 Be7 11.f4 Nc5 12.Bd2 O-O 13.Qe2 Rc8 14.Rae1 Re8 15.Rf3 Bf8
16.Rg3 g6 17.Nf3 Bg7 18.e5 dxe5 19.fxe5 Nfd7 20.Be4 Nxe4 21.Nxe4 Rxc2 22.Qd1 Bxe4
23.Rxe4 Rc5 24.Bc3 Rd5 25.Qf1 Nc5 26.Re1 Nd3 27.Re4 Nc5 28.Re1 Bh6 29.Rh3 Bf4
30.g3 Bg5 31.Nxg5 Qxg5 32.Rxh7 Qf5 33.Rh4 Nd3 34.Ra1 Red8 35.Qe2 Qf2 36.Re4 Qxe2
37.Rxe2 Nc5 38.Rf1 Na4 39.Bb4 Rd1 40.Kg1 Rxf1+ 41.Kxf1 Rd1+ 42.Kf2 Rb1 43.Rd2 Rxb2
44.Rxb2 Nxb2 45.Ke3 Kg7 46.Kd4 f5 47.exf6+ Kxf6 48.Bc3 Na4 49.Ba1 Kf5 50.h3 Nb6
51.Kc5 Nc4 52.a4 Nd2 53.axb5 axb5 54.Kxb5 Nf1 55.g4+ Kf4 56.Kc5 e5 57.h4 Kxg4
58.Bxe5 Kxh4 59.Bf6+ Kg4 60.Kd4 Kf5 61.Bd8 Ng3 62.Ke3  1/2-1/2

[Event "19th Kreuz Open"]
[Site "Lenk SUI"]
[Date "2007.04.06"]
[Round "2"]
[White "Karrer,D"]
[Black "Sokolov,And1"]
[Result "0-1"]
[WhiteElo "2023"]
[BlackElo "2584"]

1.e4 c5 2.Nf3 e6 3.d4 cxd4 4.Nxd4 a6 5.Nc3 b5 6.Bd3 Bb7 7.Be3 Nc6 8.O-O Nf6
9.Re1 Ne5 10.h3 Rc8 11.Kh1 Bb4 12.Bd2 Nc4 13.e5 Nxb2 14.Qb1 Nxd3 15.cxd3 Bxc3
16.Bxc3 Rxc3 17.exf6 Qxf6 18.Qb4 Rxd3 19.Nxb5 axb5 20.Qxb5 Rxh3+ 21.Kg1 Bxg2  0-1

[Event "Kaupthing IM"]
[Site "Reykjavik ISL"]
[Date "2007.04.06"]
[Round "4"]
[White "Bergsson,Sn"]
[Black "McNab,C"]
[Result "1/2-1/2"]
[WhiteElo "2296"]
[BlackElo "2418"]

1.e4 c5 2.Nf3 e6 3.d4 cxd4 4.Nxd4 a6 5.Nc3 b5 6.Bd3 Qb6 7.Nb3 Qc7 8.O-O Bb7
9.Qe2 Nf6 10.f4 b4 11.Nd1 d6 12.Nf2 Nc6 13.Bd2 Be7 14.a3 bxa3 15.Rxa3 d5
16.Ra4 dxe4 17.Nxe4 Nd5 18.f5 e5 19.Kh1 Nf6 20.Rc4 O-O 21.Na5 Rac8 22.Nxb7 Qxb7
23.Nxf6+ Bxf6 24.Qe4 Rfd8 25.Bc3 Qb6 26.Ra1 a5 27.h3 h6 28.Ra3 Nb4 29.Rxc8 Rxc8
30.Bxb4 Qxb4 31.Qxb4  1/2-1/2

[Event "Kaupthing GM"]
[Site "Reykjavik ISL"]
[Date "2007.04.06"]
[Round "4"]
[White "Kjartansson,G"]
[Black "Kveinys,A"]
[Result "1/2-1/2"]
[WhiteElo "2279"]
[BlackElo "2546"]

1.e4 c5 2.Nf3 e6 3.d4 cxd4 4.Nxd4 a6 5.Nc3 Qc7 6.Bd3 Nf6 7.O-O Bc5 8.Nb3 Be7
9.f4 d6 10.a4 Nbd7 11.a5 O-O 12.Qe2 Re8 13.Be3 Nf8 14.Na4 Bd7 15.Nb6 Rad8
16.c4 Bc6 17.Nd2 d5 18.e5 dxc4 19.Ndxc4 Nd5 20.Nxd5 exd5 21.Bb6 Bc5+ 22.Kh1 Bxb6
23.axb6 Qe7 24.Ne3 Qc5 25.Nf5 Ng6 26.Qf2 Qxf2 27.Rxf2 f6 28.exf6 gxf6 29.Kg1 d4
30.Rd1 Kf8 31.g3 Ne7 32.Rfd2 Nxf5 33.Bxf5 Be4 34.Bg4 d3 35.Kf2 Rd6 36.Bf3 Bxf3
37.Kxf3 Rxb6 38.Rc1 Rb3 39.Rc7 h5 40.Rh7 Re1 41.Rxh5 Rb1 42.Ke3 R1xb2 43.Rxb2 Rxb2
44.Kxd3 b5 45.Rh8+ Kg7 46.Ra8 Ra2 47.f5 Rxh2 48.Rxa6 Rg2 49.Ra7+ Kh6 50.Ke4 Rc2
51.Rb7 Rc4+ 52.Kf3 b4 53.g4 Rc3+ 54.Kf4 b3 55.Rb4 Rh3 56.Rb6 Kg7 57.Rb7+ Kf8
58.g5 Rh4+ 59.Kg3 fxg5 60.Rxb3 Kf7 61.Rb5 Kf6 62.Ra5 Rf4 63.Rb5 Rxf5 64.Rxf5+ Kxf5  1/2-1/2

[Event "30th Open"]
[Site "San Sebastian ESP"]
[Date "2007.04.07"]
[Round "8"]
[White "Veras Sanz,J"]
[Black "Cantabrana Garona,A"]
[Result "0-1"]
[WhiteElo "1692"]
[BlackElo "1853"]

1.e4 c5 2.Nc3 e6 3.Nf3 a6 4.d4 cxd4 5.Nxd4 Qc7 6.Bd3 b5 7.a3 Bb7 8.O-O Nf6
9.Re1 Nc6 10.Nxc6 Qxc6 11.f3 Bd6 12.Kh1 h5 13.e5 Ng4 14.Ne4 Bxe5 15.fxg4 hxg4
16.Re2 Rxh2+ 17.Kg1 O-O-O 18.Qf1 Rdh8 19.Qxf7 g3  0-1

[Event "30th Open"]
[Site "San Sebastian ESP"]
[Date "2007.04.07"]
[Round "8"]
[White "Espin Laborde,J"]
[Black "Helin,M"]
[Result "1-0"]
[WhiteElo "1784"]
[BlackElo "1948"]

1.e4 c5 2.Nf3 a6 3.d4 cxd4 4.Nxd4 e6 5.Nc3 Qc7 6.f4 b5 7.a3 Bb7 8.Bd3 h5
9.Nf3 Nc6 10.Be3 Na5 11.Qe2 Nf6 12.h3 h4 13.Qf2 Nc4 14.Bxc4 Qxc4 15.Ne5 Nxe4
16.Nxc4 Nxf2 17.Kxf2 bxc4 18.Rhd1 d5 19.Rab1 Bc6 20.b4 Rh6 21.a4 Rg6 22.Rg1 Rd8
23.Bd4 Bd6 24.b5 axb5 25.Nxb5 Bxf4 26.a5 e5 27.Bb6 Rd7 28.Nc7+ Rxc7 29.Bxc7 d4
30.Ra1 f6 31.a6 Bg3+ 32.Ke2 d3+ 33.cxd3 cxd3+ 34.Kxd3 Bf2 35.Kc4 Bxg2 36.Rxg2 Rxg2
37.Ra2 Rg1 38.Rxf2 Rc1+ 39.Kb5 Rxc7 40.Ra2 Rc8 41.a7 Ra8 42.Kb6 Ke7 43.Kb7 Rxa7+
44.Rxa7 f5 45.Kc6+ Kf6 46.Kd5 e4 47.Kd4 g6 48.Ra6+ Kg5 49.Ke3 Kh6 50.Kf4 Kg7
51.Kg5 Kf7 52.Rxg6 e3 53.Kxf5  1-0

[Event "8th ch-Euro"]
[Site "Dresden GER"]
[Date "2007.04.08"]
[Round "6"]
[White "Bromberger,S"]
[Black "Espig,L"]
[Result "1-0"]
[WhiteElo "2495"]
[BlackElo "2351"]

1.e4 c5 2.Nf3 e6 3.d4 cxd4 4.Nxd4 a6 5.Nc3 Qc7 6.Bd3 Nc6 7.Be3 Nf6 8.O-O Ne5
9.h3 Bc5 10.Kh1 d6 11.f4 Nxd3 12.cxd3 b5 13.Rc1 Qb6 14.Nce2 e5 15.fxe5 dxe5
16.Rxc5 Qxc5 17.Nf5 Qc6 18.Nxg7+ Kf8 19.Nd4 exd4 20.Bxd4 Kxg7 21.Qh5 h6 22.Qe5 Re8
23.Qg3+ Kh7 24.Rxf6 Qxf6 25.Bxf6 Rg8 26.Qf4 Be6 27.d4 Bxa2 28.d5 Rg6 29.h4 h5
30.Qf5 Kh6 31.Bd4 Rf8 32.Bc5  1-0

[Event "19th Kreuz Open"]
[Site "Lenk SUI"]
[Date "2007.04.08"]
[Round "5"]
[White "Miralles,G"]
[Black "Thesing,M"]
[Result "0-1"]
[WhiteElo "2486"]
[BlackElo "2396"]

1.e4 c5 2.Nf3 e6 3.d4 cxd4 4.Nxd4 a6 5.Nc3 Qc7 6.g3 Bb4 7.Nb3 Nf6 8.Bg2 d5
9.O-O Bxc3 10.bxc3 O-O 11.exd5 exd5 12.Re1 Bg4 13.Qd3 Nbd7 14.Bf4 Qc8 15.a4 Re8
16.Rxe8+ Qxe8 17.c4 dxc4 18.Qxc4 Rc8 19.Qd4 Rxc2 20.Bxb7 Be6 21.Na5 Nc5 22.Bf3 Bd7
23.Bd1 Qe1+ 24.Kg2 Rxf2+ 25.Qxf2 Bh3+ 26.Kf3 Qe4+  0-1

[Event "Easter Open"]
[Site "Oberhausen GER"]
[Date "2007.04.08"]
[Round "5"]
[White "Ozerov,I"]
[Black "Ciornei,D"]
[Result "1-0"]
[WhiteElo "1939"]
[BlackElo "2190"]

1.e4 c5 2.Nf3 e6 3.d4 cxd4 4.Nxd4 a6 5.Nc3 Qc7 6.Bd3 Nf6 7.O-O d6 8.f4 Be7
9.a4 b6 10.Qf3 Nbd7 11.Qg3 g6 12.f5 gxf5 13.exf5 e5 14.Ne6 fxe6 15.fxe6 Nc5
16.Qg7 Rf8 17.Rxf6 Rxf6 18.Nd5 Qb7 19.Nxf6+ Bxf6 20.Qg8+ Ke7 21.Qf7+ Kd8
22.Qxf6+ Qe7 23.Bg5 Qxf6 24.Bxf6+ Ke8 25.Bxh7 Bxe6 26.Rd1 Kf7 27.Rf1 Ke8
28.Bg6+ Kd7 29.h4 Nxa4 30.h5 Nxb2 31.h6 Bg8 32.g4 Nc4 33.g5 Ne3 34.Rf3 Nd5
35.Bg7 Nf4 36.Bf5+ Kc7 37.g6 Nxg6 38.Bxg6 a5 39.Bf7 Bh7 40.Rc3+ Kd7 41.Bd5 Ra7
42.Rf3 Rc7 43.Rf7+ Kc8 44.Rf8+ Kd7 45.Bf6 Rc5 46.Rf7+ Ke8 47.Rxh7 Rxd5 48.Re7+  1-0

[Event "8th ch-Euro"]
[Site "Dresden GER"]
[Date "2007.04.09"]
[Round "7"]
[White "Iordachescu,V"]
[Black "Avrukh,B"]
[Result "1/2-1/2"]
[WhiteElo "2587"]
[BlackElo "2644"]

1.e4 c5 2.Nf3 e6 3.Nc3 a6 4.d4 cxd4 5.Nxd4 Qc7 6.Bd3 Nf6 7.f4 b5 8.e5 b4
9.Ne4 Nxe4 10.Bxe4 Bb7 11.Qf3 Bxe4 12.Qxe4 Nc6 13.Nxc6 Qxc6 14.Qxc6 dxc6
15.Ke2 O-O-O 16.Be3 Rd5 17.c4 bxc3 18.bxc3 g5 19.g3 Rb5 20.Rhb1 gxf4 21.gxf4 Rg8
22.Kf3 Rg6 23.Rxb5 cxb5 24.a4 bxa4 25.Rxa4 Kb7 26.Ra2 Rh6 27.Ke4 f6 28.exf6 Rxf6
29.Rb2+ Kc7 30.Bb6+ Kc8 31.Bd4 Rh6 32.Be5 Bc5 33.Kd3 Rh4 34.Rg2 Kd7 35.Ra2 Bd6
36.Bxd6 Kxd6 37.Ke4 Kd7 38.c4 a5 39.c5 Kc6 40.Ke5 Kxc5 41.Rxa5+ Kc6 42.Ra7 h5
43.Rh7 Rxh2 44.Kxe6 h4 45.f5 h3 46.Rh6 Kc7 47.Ke5  1/2-1/2

[Event "8th ch-Euro"]
[Site "Dresden GER"]
[Date "2007.04.09"]
[Round "7"]
[White "Szabo,Kr1"]
[Black "Damljanovic,B"]
[Result "1-0"]
[WhiteElo "2438"]
[BlackElo "2585"]

1.e4 c5 2.Nf3 e6 3.d4 cxd4 4.Nxd4 a6 5.Nc3 Qc7 6.Bd3 Nc6 7.Nxc6 bxc6 8.O-O Nf6
9.Qe2 d5 10.f4 Be7 11.b3 Bb7 12.e5 Nd7 13.Na4 c5 14.c4 d4 15.Be4 Bxe4 16.Qxe4 Rc8
17.Nb2 Qc6 18.Qxc6 Rxc6 19.Bd2 O-O 20.Nd3 Rb8 21.Kf2 Bd8 22.Ke2 Bc7 23.Rf3 f6
24.exf6 gxf6 25.f5 e5 26.Rg3+ Kf7 27.Bh6 Rh8 28.Nf2 Bd6 29.Ne4 Bf8 30.Bd2 Rc8
31.Rf1 h5 32.h4 Be7 33.Rff3 Nb8 34.Rg6 Nc6 35.Kd3 a5 36.Rfg3 Rh7 37.Bh6 Nb4+
38.Ke2 Rd8 39.Rg7+ Rxg7 40.Rxg7+ Ke8 41.Rg8+ Kf7 42.Rxd8 Bxd8 43.a4 Nc6 44.Ng3 Bc7
45.Kf3 Ne7 46.Ke4 Nc8 47.Kd5 Ne7+ 48.Kxc5 e4 49.Nxe4 Nxf5 50.Bd2 Nxh4 51.Kc6 Bd8
52.Kd7 Be7 53.c5 Ng6 54.Nd6+ Kf8 55.Ke6 d3 56.c6 Bd8 57.Nb5 Bb6 58.c7 Ne7
59.Bh6+  1-0

[Event "Kaupthing GM"]
[Site "Reykjavik ISL"]
[Date "2007.04.09"]
[Round "9"]
[White "Kjartansson,G"]
[Black "Miezis,N"]
[Result "1/2-1/2"]
[WhiteElo "2279"]
[BlackElo "2521"]

1.e4 c5 2.Nf3 e6 3.d4 cxd4 4.Nxd4 a6 5.Nc3 Qc7 6.Bd3 Nc6 7.Be3 Nf6 8.O-O Ne5
9.h3 b5 10.f4 Nc4 11.Bxc4 Qxc4 12.Qd3 Bb7 13.a4 Qxd3 14.cxd3 bxa4  1/2-1/2

[Event "8th ch-Euro"]
[Site "Dresden GER"]
[Date "2007.04.12"]
[Round "9"]
[White "Orlov,And"]
[Black "Damljanovic,B"]
[Result "0-1"]
[WhiteElo "2447"]
[BlackElo "2585"]

1.e4 c5 2.Nf3 e6 3.Nc3 a6 4.d4 cxd4 5.Nxd4 Qc7 6.Be3 Nf6 7.a3 b5 8.Bd3 Nc6
9.Qe2 Bb7 10.h3 Be7 11.O-O O-O 12.f4 d6 13.Qf2 Rae8 14.Nf3 Nd7 15.Kh1 Bf6
16.Bd2 Ne7 17.Rae1 Ng6 18.g3 Nc5 19.Kh2 Qd7 20.h4 Bd8 21.h5 Nh8 22.h6 f6
23.hxg7 Qxg7 24.b4 Nxd3 25.cxd3 Nf7 26.Kg2 Re7 27.Rh1 Rfe8 28.Rh5 f5 29.Reh1 h6
30.Kf1 Rc7 31.g4 fxg4 32.Rg1 Rxc3 33.Nh2 Rxd3 34.Rxg4 Ng5 35.fxg5 Rf8 36.Bf4 hxg5
37.Qe2 Rxa3 38.Nf3 Rxf4  0-1

[Event "8th ch-Euro"]
[Site "Dresden GER"]
[Date "2007.04.12"]
[Round "9"]
[White "Klokas,K"]
[Black "Zeller,F"]
[Result "0-1"]
[WhiteElo "2219"]
[BlackElo "2429"]

1.e4 c5 2.Nf3 e6 3.d4 cxd4 4.Nxd4 a6 5.Nc3 Qc7 6.Bd3 Nf6 7.O-O Bc5 8.Nb3 Be7
9.f4 d6 10.a4 Nbd7 11.a5 h5 12.Qe2 g6 13.Be3 O-O 14.Na4 Ng4 15.Bd4 e5 16.Nb6 Nxb6
17.Bxb6 Qc6 18.h3 Nf6 19.Nd2 h4 20.Bf2 Nh5 21.f5 Kg7 22.Qg4 Rh8 23.Nf3 Nf6
24.Qg5 Rh5 25.Qe3 gxf5 26.Bxh4 f4 27.Qe2 Qc5+ 28.Bf2 Qc7 29.Bb6 Qc6 30.c4 Be6
31.b4 Rg8 32.b5 Qc8 33.Kf2 Nd7 34.Nd4 Rg5 35.Nxe6+ fxe6 36.Ke1 axb5 37.Qa2 Nxb6
38.axb6 Qc5 39.cxb5 Qc3+ 40.Ke2 Rxg2+ 41.Rf2 Rxf2+ 42.Kxf2 Bh4+  0-1

[Event "1st Archil Ebralidze Mem"]
[Site "Tbilisi GEO"]
[Date "2007.04.12"]
[Round "11"]
[White "Ter Karapetian,Ar"]
[Black "Harutjunyan,G"]
[Result "1-0"]
[WhiteElo "2103"]
[BlackElo "2404"]

1.e4 c5 2.Nf3 e6 3.d4 cxd4 4.Nxd4 a6 5.Nc3 Qc7 6.a4 Bb4 7.Bd2 Nf6 8.Bd3 O-O
9.O-O Be7 10.Qe2 d6 11.a5 Nbd7 12.f4 b5 13.axb6 Qxb6 14.Be3 Qxb2 15.Ncb5 Bb7
16.Rab1 Qxb1 17.Rxb1 axb5 18.Bf2 Nc5 19.Nxb5 Ncxe4 20.Bd4 e5 21.fxe5 dxe5
22.Nc3 exd4 23.Nxe4 Bxe4 24.Bxe4 Bc5 25.Bd3 Rae8 26.Qf3 Re5 27.h3 Rfe8 28.Qc6 Re1+
29.Rxe1 Rxe1+ 30.Kf2 Re5 31.Qc8+ Bf8 32.Kf1 g6 33.Qd8  1-0

[Event "FSGM April"]
[Site "Budapest HUN"]
[Date "2007.04.13"]
[Round "7"]
[White "Caruana,F"]
[Black "Bui Vinh"]
[Result "1-0"]
[WhiteElo "2523"]
[BlackElo "2483"]

1.e4 c5 2.Nf3 e6 3.d4 cxd4 4.Nxd4 a6 5.Nc3 Qc7 6.Bd3 b5 7.O-O Bb7 8.Re1 Nc6
9.Nxc6 Qxc6 10.a4 b4 11.Nd5 Nf6 12.Bd2 Nxd5 13.exd5 Qc5 14.Be4 O-O-O 15.Be3 Qc7
16.c3 bxc3 17.Rc1 Bb4 18.Qd4 exd5 19.Qxb4 dxe4 20.Bb6 Qe5 21.Rxc3+ Kb8 22.Bd4  1-0

[Event "8th ch-Euro"]
[Site "Dresden GER"]
[Date "2007.04.13"]
[Round "10"]
[White "Georgiadis,I"]
[Black "Cvitan,O"]
[Result "0-1"]
[WhiteElo "2413"]
[BlackElo "2540"]

1.e4 c5 2.Nf3 e6 3.d4 cxd4 4.Nxd4 a6 5.Nc3 d6 6.g4 Ne7 7.Be3 Nec6 8.Nb3 b5
9.g5 Nd7 10.a4 b4 11.Ne2 Be7 12.f4 O-O 13.Qd2 Qc7 14.Ng3 Rd8 15.Qf2 Bb7 16.Bd3 Bf8
17.h4 d5 18.g6 fxg6 19.h5 Ne7 20.O-O-O dxe4 21.Nxe4 Nf5 22.Ng5 Bxh1 23.hxg6 Qb7
24.gxh7+ Kh8 25.Bxf5 Nf6 26.Rxd8 Rxd8 27.Na5 Qd7 28.Bd3 Bd5 29.Bb6 Rc8 30.Bg6 e5
31.fxe5 Qg4 32.Qf5 b3 33.Qxg4 Nxg4 34.e6 Ne5 35.Bf5 Be7 36.Nf7+ Nxf7 37.exf7 Bg5+
38.Kb1 bxc2+ 39.Bxc2 Bxf7 40.b4 Bd2 41.Nb7 Bxb4 42.Bd3 Bd5 43.Na5 Rb8 44.Bc7 Rf8
45.Kb2 Rf2+ 46.Kc1 Ra2 47.Bc2 Bc3 48.Nb3 Rxa4  0-1

[Event "5th Arab Cities"]
[Site "Beirut LBN"]
[Date "2007.04.15"]
[Round "9"]
[White "Al Hisamawi,W"]
[Black "Al Zendani,Z"]
[Result "0-1"]
[WhiteElo "2144"]
[BlackElo "2387"]

1.e4 c5 2.Nf3 e6 3.d4 cxd4 4.Nxd4 a6 5.Nc3 Qc7 6.g3 Bb4 7.Bd2 Nc6 8.Nxc6 bxc6
9.Qg4 Bf8 10.Bg2 Nf6 11.Qh4 Be7 12.O-O d5 13.Bg5 h6 14.Rae1 O-O 15.Bxh6 gxh6
16.Qxh6 Nh7 17.h4 d4 18.e5 dxc3 19.Re4 f5 20.exf6 Bxf6 21.Rg4+ Kh8 22.Be4 Bb7
23.bxc3 c5 24.Bd3 Rad8 25.Re1 e5 26.Re3 Bc8 27.Rg6 c4 28.Be4 Bb7 29.g4 Bxe4
30.Rxe4 Bg7 31.Qe3 Rd1+ 32.Kg2 Qd8 33.g5 Rd2  0-1

[Event "Reykjavik International"]
[Site "Reykjavik ISL"]
[Date "2007.04.15"]
[Round "5"]
[White "Baldursson,Hr"]
[Black "Jonasson,B"]
[Result "0-1"]
[WhiteElo "2129"]
[BlackElo "2269"]

1.e4 c5 2.Nf3 e6 3.d4 cxd4 4.Nxd4 a6 5.Nc3 b5 6.Be3 Bb7 7.Bd3 Nf6 8.f3 d6
9.Qd2 Nbd7 10.O-O-O Rc8 11.Kb1 Be7 12.g4 Nb6 13.h4 Nfd7 14.f4 Nc5 15.g5 b4
16.Nce2 Nxe4 17.Qxb4 Nc5 18.Nxe6 fxe6 19.Bxc5 Rxc5 20.Rhe1 O-O 21.Nd4 Rxf4
22.Rxe6 a5 23.Qe1 Bf8 24.Nb3 Rc8 25.Qg3 Rf3 26.Qg4 Rxd3 27.Rxd3 Qc7 28.Nd4 Qf7
29.g6 hxg6 30.Rxg6 Be4 31.Rxg7+ Bxg7 32.Rd1 Qg6  0-1

[Event "Chess Classic Open"]
[Site "Gausdal NOR"]
[Date "2007.04.18"]
[Round "1"]
[White "Pitl,G"]
[Black "Torgersen,T"]
[Result "1-0"]
[WhiteElo "2367"]
[BlackElo "2133"]

1.e4 c5 2.Nf3 e6 3.d4 cxd4 4.Nxd4 a6 5.Nc3 Nc6 6.Be2 d6 7.Be3 Nf6 8.O-O Be7
9.f4 Nxd4 10.Qxd4 O-O 11.Kh1 Nd7 12.Rad1 b6 13.e5 d5 14.Bf3 Bc5 15.Qd3 Bb7
16.Bc1 Qc7 17.Ne2 Rad8 18.c3 b5 19.a3 Nb6 20.Ng3 Be7 21.Qe2 Bc8 22.Be3 Bc5
23.Bd4 Bxd4 24.cxd4 f6 25.exf6 Rxf6 26.Qe5 Qxe5 27.fxe5 Rf7 28.b3 Rc7 29.Rc1 Rxc1
30.Rxc1 Bd7 31.Ne2 a5 32.Nf4 a4 33.bxa4 bxa4 34.Kg1 Kf7 35.Kf2 Ke7 36.Be2 Rb8
37.Rb1 Rf8 38.Ke3 Nc4+ 39.Bxc4 dxc4 40.Rb4 Rc8 41.Kd2 c3+ 42.Kc2 Bc6 43.Rc4 Be4+
44.Kxc3 Rxc4+ 45.Kxc4 g5 46.Nh3 h6 47.g3 Bd5+ 48.Kb5 Bb3 49.Nf2 Kf7 50.Ne4 Kg6
51.Kc5 Kf5 52.Nf6 Bd1 53.Kd6 h5 54.d5 exd5 55.Nxd5  1-0

[Event "Abierto"]
[Site "Berazategui ARG"]
[Date "2007.04.20"]
[Round "3"]
[White "Tristan,L"]
[Black "Felgaer,R"]
[Result "1/2-1/2"]
[WhiteElo "2372"]
[BlackElo "2574"]

1.e4 c5 2.Nf3 e6 3.d4 cxd4 4.Nxd4 a6 5.Nc3 b5 6.Bd3 Qb6 7.Nb3 Qc7 8.Qe2 Bb7
9.Bd2 Nc6 10.O-O Nf6 11.f4 d6 12.Kh1 Be7 13.Rae1 O-O 14.a3 Rfe8 15.e5 Nd7
16.exd6 Bxd6 17.Ne4 Bf8 18.Bc3 b4 19.Ng5 h6 20.Qh5 Nf6  1/2-1/2

[Event "Abierto"]
[Site "Berazategui ARG"]
[Date "2007.04.20"]
[Round "3"]
[White "Orsini,A"]
[Black "Flores,Di"]
[Result "0-1"]
[WhiteElo "2362"]
[BlackElo "2543"]

1.e4 c5 2.Nf3 e6 3.Nc3 a6 4.d4 cxd4 5.Nxd4 b5 6.g3 Bb7 7.Bg2 h5 8.O-O h4
9.Re1 Be7 10.e5 Qc7 11.Ne4 hxg3 12.hxg3 Nc6 13.Bf4 Qb6 14.c3 Nh6 15.Be3 Qc7
16.Nd6+ Bxd6 17.exd6 Qc8 18.Bxh6 Rxh6 19.Nf5 Rh7 20.Qd3 g6 21.Nh4 Kf8 22.Nxg6+ fxg6
23.Qxg6 Rg7 24.Qh6 Kg8 25.Re4 Nd8 26.Rg4 Rxg4 27.Qh5 Nf7 28.Qxg4+ Kf8 29.Rd1 Bxg2
30.Kxg2 Qc6+ 31.f3 Re8 32.Rh1 Qxd6 33.Rh7 Qd2+  0-1

[Event "9th Open"]
[Site "Dubai UAE"]
[Date "2007.04.23"]
[Round "2"]
[White "Madani,K"]
[Black "Tissir,M"]
[Result "0-1"]
[WhiteElo "2282"]
[BlackElo "2465"]

1.e4 c5 2.Nf3 e6 3.d4 cxd4 4.Nxd4 a6 5.Nc3 Bc5 6.Nb3 Be7 7.g3 h5 8.h3 Qc7
9.Bf4 d6 10.Bg2 Nc6 11.a4 Ne5 12.O-O Nf6 13.a5 Bd7 14.Re1 Rc8 15.Nd2 b5 16.axb6 Qxb6
17.Ra2 O-O 18.Be3 Qb8 19.f4 Nc6 20.g4 hxg4 21.hxg4 Nb4 22.Ra5 Bd8 23.g5 Nh7
24.Kf2 Bxa5 25.Qh5 Nxc2 26.Rh1 Rfe8 27.Qxh7+ Kf8 28.g6 Nxe3 29.Kxe3 Qxb2  0-1

[Event "Icaro Open"]
[Site "Mexico City MEX"]
[Date "2007.04.28"]
[Round "4"]
[White "Mitkov,N1"]
[Black "Zapata,Alo"]
[Result "1/2-1/2"]
[WhiteElo "2544"]
[BlackElo "2486"]

1.e4 c5 2.Nc3 e6 3.Nf3 a6 4.d4 cxd4 5.Nxd4 Qc7 6.Bd3 Nc6 7.Be3 Nf6 8.O-O Nxd4
9.Bxd4 Bc5 10.Bxc5 Qxc5 11.a4 d6 12.a5 O-O 13.Qd2 Bd7 14.Rfe1 Rac8 15.Na4 Bxa4
16.Rxa4 Ng4 17.c3 Rfd8 18.Bf1 Ne5 19.h3 h6 20.Re3 d5 21.exd5 Rxd5 22.Rd4 Nc6
23.Rxd5 Qxd5 24.Qxd5 exd5 25.Rd3 Rd8 26.g3 d4 27.b4 Rd7 28.Bg2 dxc3 29.Rxc3 Nxb4
30.Rb3 Rd1+ 31.Kh2 Nc6 32.Bxc6 bxc6 33.Rb6 c5 34.Rxa6 c4 35.Rc6 Ra1 36.a6 c3
37.Rxc3  1/2-1/2

[Event "President's Cup Rapid"]
[Site "Ankara TUR"]
[Date "2007.04.29"]
[Round "7"]
[White "Solakoglu,O"]
[Black "Ulker,A"]
[Result "1-0"]
[WhiteElo "2113"]
[BlackElo "2156"]

1.e4 c5 2.Nf3 e6 3.d4 cxd4 4.Nxd4 a6 5.Nc3 Qc7 6.Be2 Nc6 7.O-O Nf6 8.Be3 Ne5
9.f4 Nc4 10.Bxc4 Qxc4 11.f5 d6 12.Qd3 Qxd3 13.cxd3 Bd7 14.Rac1 Be7 15.fxe6 fxe6
16.Nce2 e5 17.Nf5 Bxf5 18.Rxf5 Kd7 19.h3 Rac8 20.Rc3 Rc6 21.g4 h6 22.Kg2 Rhc8
23.g5 hxg5 24.Rxg5 Ne8 25.Rf5 b5 26.Rxc6 Rxc6 27.Nc3 Bf6 28.Nd5 Rc2+ 29.Rf2 Rxf2+
30.Kxf2 Bd8 31.Kf3 Nc7 32.Nxc7 Kxc7 33.Kg4 d5 34.Bg5 dxe4 35.dxe4 Bxg5 36.Kxg5 Kc6
37.Kg6 Kc5 38.Kxg7 Kd4 39.h4 Kxe4 40.h5 Kd3 41.h6 e4 42.h7  1-0